LEADER 01175nam 2200397 450 001 990000966260203316 010 $a88-07-80979-6 035 $a0096626 035 $aUSA010096626 035 $a(ALEPH)000096626USA01 035 $a0096626 100 $a20020218d1994----km-y0itay0103----ba 101 $aita 102 $aIT 105 $a||||||||001yy 200 1 $aAltri libertini$fPier Vittorio Tondelli 205 $a7.ed. 210 $aMilano$cFeltrinelli$d1994 215 $a195 p.$d18 cm 225 2 $aUniversale economica Feltrinelli$v979 410 $12001$aUniversale economica Feltrinelli$v979 461 1$1001-------$12001 676 $a853.914 700 1$aTONDELLI,$bPier Vittorio$0269240 801 0$aIT$bsalbc$gISBD 912 $a990000966260203316 951 $aVARIE COLL 21/979$b131818 LM$cVARIE COLL 951 $aVARIE COLL 21/979 BIS$b131819 LM$cVARIE COLL 951 $aVARIE COLL 21/979 A$b131820 LM$cVARIE COLL 959 $aBK 969 $aUMA 979 $aPATTY$b90$c20020218$lUSA01$h1545 979 $c20020403$lUSA01$h1739 979 $aPATRY$b90$c20040406$lUSA01$h1707 996 $aAltri libertini$9972850 997 $aUNISA LEADER 00938nam0-2200337---450- 001 990008515310403321 005 20101022144928.0 010 $a88-8358-540-2 035 $a000851531 035 $aFED01000851531 035 $a(Aleph)000851531FED01 035 $a000851531 100 $a20070523d2005----km-y0itay50------ba 101 0 $aita 102 $aIT 105 $a--------001yy 200 1 $aMalattie come racconti$ela medicina, i medici e le malattie nelle descrizioni di romanzieri e drammaturghi$fVito Cagli 205 $aRist. 210 $aRoma$cArmando$d2005 215 $a159 p.$d22 cm 225 1 $aMedicina oggi 610 0 $aMedicina e letteratura 676 $a809.933 56 700 1$aCagli,$bVito$0186126 801 0$aIT$bUNINA$gRICA$2UNIMARC 901 $aBK 912 $a990008515310403321 952 $a809.933 CAG 1$fFLFBC 959 $aFLFBC 996 $aMalattie come racconti$9732657 997 $aUNINA